| 000 | 00838cam a2200265 a 4500 | ||
|---|---|---|---|
| 001 | 15302372 | ||
| 005 | 20180315090240.0 | ||
| 008 | 080519s2009 maua 001 0 eng | ||
| 010 | _a 2008929044 | ||
| 020 | _a0312478070 (pbk.) | ||
| 020 | _a9780312478070 (pbk.) | ||
| 040 |
_aDLC _cDLC _dDLC |
||
| 041 | _aeng | ||
| 080 | _a808.042 AXE | ||
| 082 | 0 | 0 |
_a808.042 AXE _222 |
| 100 | 1 | _a25 | |
| 101 | _aEDU | ||
| 240 | 1 | 0 | _aConcise guide to writing |
| 245 | 1 | 0 |
_aAxelrod & Cooper's concise guide to writing / _cRise B. Axelrod, Charles R. Cooper. |
| 246 | 3 | _aAxelrod and Cooper's concise guide to writing | |
| 246 | 3 | 0 | _aConcise guide to writing |
| 906 |
_a7 _bcbc _corigcop _d2 _eepcn _f20 _gy-gencatlg |
||
| 942 |
_2ddc _cBK |
||
| 999 |
_c45153 _d45153 |
||